000 00497nam a2200157 a 4500
001 000035773
005 20200930074611.0
008 111110s2011 dr 000 0 spa d
020 _a9789945468052
040 _aDO-SdBNP
_bspa
_cBNPHU
100 1 _aÁngeles, Francisco
_943491
245 1 0 _aClub rotario Santiago monumental :
_b40 años de servicios comunitarios /
_cFrancisco Ángeles.
260 _aSanto Domingo :
_bClub rotario Santiago monumental,
_c2011.
300 _a486 p.
049 _aBNPD
999 _c35264
_d35264